|
|
|
|
| LEADER |
00000nam0a2200000 4500 |
| 001 |
242391 |
| 005 |
20231101231907.0 |
| 035 |
|
|
|a (RuTPU)RU\TPU\book\263705
|
| 090 |
|
|
|a 242391
|
| 100 |
|
|
|a 20130902d1978 m y0rusy50 ca
|
| 101 |
0 |
|
|a rus
|
| 102 |
|
|
|a RU
|
| 105 |
|
|
|a a z 000zy
|
| 200 |
1 |
|
|a Свет Октября над планетой
|e фотоальбом о праздновании 60-летия Великой Октябрьской социалистической революции
|f под ред. В. Николаева
|
| 210 |
|
|
|a Москва
|c Планета
|d 1978
|
| 215 |
|
|
|a 149 с.
|c ил.
|
| 606 |
1 |
|
|a Октябрьская революция 1917 в России
|x Историческое значение
|2 stltpush
|3 (RuTPU)RU\TPU\subj\66161
|9 82375
|
| 610 |
1 |
|
|a альбомы
|
| 610 |
1 |
|
|a фотографии
|
| 610 |
1 |
|
|a советский народ
|
| 610 |
1 |
|
|a история
|
| 610 |
1 |
|
|a Коммунистическая партия
|
| 686 |
|
|
|a Т3(2)611
|v LBC/SL-A
|2 rubbk
|
| 702 |
|
1 |
|a Николаев
|b В.
|4 340
|
| 801 |
|
1 |
|a RU
|b 63413507
|c 20130902
|
| 801 |
|
2 |
|a RU
|b 63413507
|c 20131023
|g RCR
|
| 942 |
|
|
|c BK
|